000 00752nam a2200217 a 4500
001 41930
003 BD-RjUL
005 20211209053454.0
008 160607b1960 bg ||||| |||| 00| 0 ben d
035 _a(BD-RjUL)42048
040 _aBD-RjUL
_bben
_cBD-RjUL
041 _aben
082 _223
_a297
_bISL 1960
245 0 0 _aইসলাম ও কমিউনিজম /
_cজান পেনার সম্পাদিত
260 _aঢাকা :
_bকংগেস ফর কালচার,
_c১৯৬০
300 _a[৮], ১০২ পৃ. ;
_c২১ সেমি.
650 _aইসলাম
_9128867
650 _aIslam
_9128868
700 _aপেনার, জান, সম্পাদিত
_9128869
942 _2ddc
_cBK
999 _c41930
_d41930